Teplotná rozťažnosť horčíkového kompozitu spevneného vysokomodulovými uhlíkovými vláknami

Enregistré dans:
Détails bibliographiques
Auteur principal: Repiská, Marianna, 1986- (Auteur)
Autres auteurs: Beronská, Naďa, 1980- (Directeur de thèse)
Format: Manuscrit Livre
Langue:slovaque
Publié: STU v Bratislave MTF UMAT, 2010
Sujets:
Accès en ligne:VAIS
Tags: Ajouter un tag
Pas de tags, Soyez le premier à ajouter un tag!

MARC

LEADER 00000ntm a22000003a 4500
001 stu207939
005 20160719160324.3
008 100722s2010------------------------slo-d
040 |a STU  |b slo 
041 0 |a slo 
100 1 |a Repiská, Marianna,  |d 1986-  |4 aut  |X 26682  |7 A000026682 
242 0 0 |a Thermal expansion of magnesium composites reinforced hight moduls carbon fiebers  |y eng 
245 1 |a Teplotná rozťažnosť horčíkového kompozitu spevneného vysokomodulovými uhlíkovými vláknami 
260 |b STU v Bratislave MTF UMAT,  |c 2010 
650 7 |a thermal expansion  |2 estusub 
650 7 |a teplotná rozťažnosť  |2 stusub 
700 1 |a Beronská, Naďa,  |d 1980-  |4 ths  |X 22695  |7 A000022695 
856 4 |a info a plný text  |u http://is.stuba.sk/zp/portal_zp.pl?podrobnosti=75314  |3 VAIS 
996 |c M*DP-9129  |l MMSKP  |s P  |a 0  |w stu207939_0001